Online Catalogue and eLibrary

Nikmanaka nimitthak (Record no. 4840)

MARC details
000 -LEADER
fixed length control field 00385nam a2200157Ia 4500
005 - DATE AND TIME OF LATEST TRANSACTION
control field 20250428004930.0
008 - FIXED-LENGTH DATA ELEMENTS--GENERAL INFORMATION
fixed length control field 240331s9999 xx 000 0 und d
020 ## - INTERNATIONAL STANDARD BOOK NUMBER
ISBN 9559555804
082 ## - DDC Classification
Item Number - Author Mark HET
Class No. 891
100 ## - MAIN ENTRY--PERSONAL NAME
Personal name Hettiarachchi,W.N
245 #0 - TITLE STATEMENT
Title Nikmanaka nimitthak
260 ## - PUBLICATION, DISTRIBUTION, ETC.
Place of publication, distribution, etc. Sri Lanka
Name of publisher, distributor, etc. Vipuli Niroshini Hettiarachchi
Date of publication, distribution, etc. 1993
300 ## - PHYSICAL DESCRIPTION
Extent (e.g. Volumes, Pages etc.) 64 p .,
650 ## - SUBJECT ADDED ENTRY--TOPICAL TERM
Topical term or geographic name entry element Poems
942 ## - Koha item type (Biblio)
Koha item type Books in Stacks (Lending)
Holdings
Lost status Damaged status Collection code Home library Current library Shelving location Date acquired Full call number Accession Number Item type
    Lending WERC Library WERC Library Social Science Cupboard 03/31/2024 891.48 HET 1669 Books in Stacks (Lending)

© WERC Library